000 01056cam a2200277 i 4500
001 17928219
003 OSt
005 20210506143630.0
008 130906s2013 sp b 000 0 spa
020 _a9788483198124
040 _aDLC
_cCO-JMCR
041 0 _aspa
042 _apcc
082 0 4 _a330.91724 /
_bG161c
_223
100 1 _aGarcía Camarero, Julio,
_eauthor.
_937488
245 1 3 _aEl crecimiento mesurado y transitorio en el Sur /
_cJulio García Camarero.
260 _aMadrid :
_bCatarata,
_c2013.
300 _a390 páginas ;
_c21 cm.
490 0 _aInvestigación y debate ;
_v110
504 _aBibliografía : páginas 389-390.
505 _a¡Cómo esta el mundo!. -- Es necesario un crecimiento mesurado y transitorio en los cinco mundos de la periferia.
520 0 _aLa tierra es un sistema complejo que el autor divide en seis mundos, en lugar de los tres clásicos en los que se suele dividir actualmente.
650 1 4 _aSustentabilidad de negocios
_937489
650 2 4 _aDecrecimiento
_xeconomía
_937490
942 _2ddc
_cBK
999 _c11665
_d11665